Historia de la filosofía

שמור ב:
מידע ביבליוגרפי
פורמט: ספר
שפה:ספרדית
יצא לאור: Ciudad de México Siglo Veintiuno 1987
מהדורה:9a. ed
נושאים:
תגים: הוספת תג
אין תגיות, היה/י הראשונ/ה לתייג את הרשומה!

MARC

LEADER 00000nam a2200000 a 4500
001 UCL1516
003 CL-VaPUC
008 030911e19870000MX |||||||||||||||||spa|d
020 |a 9682302218 obra completa 
020 |a 9682307473 v.6 
020 |a 968230783X v.7 
082 0 4 |a 109  |b HIS  |2 21 
245 1 0 |a Historia de la filosofía 
250 |a 9a. ed 
300 |a v 
942 |c BK 
945 |d 20030911 00:00:00  |a vberengu 
260 |a Ciudad de México  |b Siglo Veintiuno  |c 1987 
500 |a v.6: Racionalismo, empirismo, ilustración 
500 |a v.7: La filosofía alemana, de Leibniz a Hegel 
650 0 |a Historia de la filosofía  |9 256920 
583 |a last modification  |c 20030911 00:00:00  |k Rodrigo Vera 
999 |c 305052  |d 305050 
952 |0 0  |1 0  |4 0  |6 109_000000000000000_HIS_1987  |7 0  |8 A  |9 367999  |a BIBTEO  |b BIBTEO  |d 2019-11-21  |h v.6  |i 2077337  |o 109 HIS 1987  |p 2077337  |r 2025-01-17  |w 2019-11-21  |y BK  |k ICR 
952 |0 0  |1 2  |4 0  |6 109_000000000000000_HIS_1987  |7 0  |8 A  |9 368000  |a BIBTEO  |b BIBTEO  |d 2019-11-21  |h v.7  |i 2077345  |o 109 HIS 1987  |p 2077345  |r 2019-11-21  |w 2019-11-21  |y BK  |k ICR